000
00267nam a2200097Ia 4500
008
230915s9999 xx 000 0 und d
050
_a
TX 911.3.P4 T47 2010
100
_a
TESONE ,DANA
245
0
_a
PRINCIPLES OF MANAGEMENT FOR THE HOSPITALITY INDUSTRY
942
_c
BK
999
_c
206139
_d
206139